000 00586nam a2200241Ia 4500
003 OSt
005 20221007101759.0
006 a|||||r|||| 00| 0
007 ta
008 221006b |||||||| |||| 00| 0 eng d
024 _a7,920
037 _cBound Volume
040 _aLCO
_cLCO
_beng
041 _2eng
_aeng
082 _aZm2,N72, L2
245 0 _aAIR, Acts Journal Supreme Court No.-1201-2688
260 _aNagpur
_bAIR
_c1972
300 _a2688
490 _v59
650 _aAIR
942 _hZm2,N72, L2
_cCR
999 _c1177483
_d1177483